Arquitectura sísmica : (Registro nro. 32233)
[ vista simple ]
| 000 -LEADER | |
|---|---|
| fixed length control field | 01497cam a2200373 i 4500 |
| 001 - CONTROL NUMBER | |
| control field | 32233 |
| 003 - CONTROL NUMBER IDENTIFIER | |
| control field | Mx-PuUPA |
| 005 - DATE AND TIME OF LATEST TRANSACTION | |
| control field | 20250421153253.0 |
| 008 - FIXED-LENGTH DATA ELEMENTS--GENERAL INFORMATION | |
| fixed length control field | 140415s2000 sp aoe gr 001 0 spa d |
| 040 ## - CATALOGING SOURCE | |
| Transcribing agency | Mx-PuUPA |
| Original cataloging agency | Mx-PuUPA |
| Language of cataloging | spa |
| Modifying agency | Mx-PuUPA |
| Description conventions | rda |
| 041 0# - LANGUAGE CODE | |
| Language code of text/sound track or separate title | spa |
| 100 1# - MAIN ENTRY--PERSONAL NAME | |
| Personal name | Bahamón, Alejandro, |
| Dates associated with a name | 1972- |
| 9 (RLIN) | 13472 |
| Relator term | autor |
| 245 10 - TITLE STATEMENT | |
| Title | Arquitectura sísmica : |
| Remainder of title | prevención y rehabilitación / |
| Statement of responsibility, etc. | Alejandro Bahamón, Belén García, Carmen Rodríguez, Luis Llopis, Javier Ploz, María Rosa Cervera, Eloy Celaya, Armand Carabén |
| 264 #1 - PRODUCTION, PUBLICATION, DISTRIBUTION, MANUFACTURE, AND COPYRIGHT NOTICE | |
| Place of production, publication, distribution, manufacture | Barcelona, España : |
| Name of producer, publisher, distributor, manufacturer | Ediciones G. Gilli, |
| Date of production, publication, distribution, manufacture, or copyright notice | ©2000 |
| 300 ## - PHYSICAL DESCRIPTION | |
| Extent | 208 páginas : |
| Other physical details | ilustraciones, fotografías, planos (principalmente a color) ; |
| Dimensions | 30 cm |
| 336 ## - CONTENT TYPE | |
| Fuente | rdacontent |
| Content type term | texto |
| Content type code | txt |
| 336 ## - CONTENT TYPE | |
| Fuente | rdacontent |
| Content type term | imagen fija |
| Content type code | sti |
| 337 ## - MEDIA TYPE | |
| Source | rdamedia |
| Media type term | sin medio |
| Media type code | n |
| 338 ## - CARRIER TYPE | |
| Source | rdacarrier |
| Carrier type term | volumen |
| Carrier type code | nc |
| 650 #7 - SUBJECT ADDED ENTRY--TOPICAL TERM | |
| Source of heading or term | armarc |
| Topical term or geographic name entry element | Arquitectura |
| General subdivision | Construcciones antisísmicas |
| 650 #7 - SUBJECT ADDED ENTRY--TOPICAL TERM | |
| Source of heading or term | armarc |
| Topical term or geographic name entry element | Arquitectura moderna |
| Chronological subdivision | Siglo XX |
| 650 #7 - SUBJECT ADDED ENTRY--TOPICAL TERM | |
| Source of heading or term | armarc |
| Topical term or geographic name entry element | Diseño resistente a terremotos |
| 700 1# - ADDED ENTRY--PERSONAL NAME | |
| Personal name | García, Belén |
| Relator term | editor |
| -- | autor |
| 700 1# - ADDED ENTRY--PERSONAL NAME | |
| Personal name | Rodríguez, Carmen, |
| Relator term | autor |
| 700 1# - ADDED ENTRY--PERSONAL NAME | |
| Personal name | Llopis, Luis, |
| Relator term | autor |
| 700 1# - ADDED ENTRY--PERSONAL NAME | |
| Personal name | Ploz, Javier, |
| Relator term | autor |
| 700 1# - ADDED ENTRY--PERSONAL NAME | |
| Personal name | Cervera, María Rosa, |
| Relator term | autor |
| 700 1# - ADDED ENTRY--PERSONAL NAME | |
| Personal name | Celaya, Eloy, |
| Relator term | autor |
| 700 1# - ADDED ENTRY--PERSONAL NAME | |
| Personal name | Carabén, Armand, |
| Relator term | autor |
| 942 ## - ADDED ENTRY ELEMENTS (KOHA) | |
| Source of classification or shelving scheme | Dewey Decimal Classification |
| Koha item type | Libro |
| Classification part | B55 |
| Withdrawn status | Lost status | Source of classification or shelving scheme | Damaged status | Not for loan | Collection code | Home library | Current library | Shelving location | Date acquired | Source of acquisition | Cost, normal purchase price | Total Checkouts | Full call number | Barcode | Date last seen | Cost, replacement price | Price effective from | Koha item type |
|---|---|---|---|---|---|---|---|---|---|---|---|---|---|---|---|---|---|---|
| Dewey Decimal Classification | General | Biblioteca Karol Wojtyla | Biblioteca Karol Wojtyla | Sala general | 09/08/2022 | Donación | 0.00 | 624.1762 B55 2000 | 62381 | 05/01/2026 | 0.00 | 03/12/2013 | Libro |